000
00318nam a2200133Ia 4500
008
230818s2002 xx 000 0 und d
041
_a
eng
100
_a
Ohopra V.
245
_a
Original Indian Cookery
260
_b
Amay pub.
_c
2002
300
_a
256p
520
_a
General | Hard Board
999
_c
854732
_d
854732
650
_a
Food Production